[Event "TCh-CRO Gp1A"]
[Site "Sibenik CRO"]
[Date "2010.09.04"]
[Round "1"]
[White "Sertic,Ru"]
[Black "Naiditsch,A"]
[Result "0-1"]
[WhiteElo "2422"]
[BlackElo "2674"]
[EventDate "2010.09.04"]

1. Nf3 Nf6 2. c4 e6 3. Nc3 Bb4 4. Qc2 c5 5. a3 Ba5 6. g3 Nc6 7. Bg2 O-O 8.
O-O d6 9. e3 e5 10. b3 Re8 11. Bb2 h6 12. d3 Be6 13. Ne4 Nxe4 14. dxe4 Qb8
15. Nh4 b5 16. Rab1 Bd8 17. Nf5 Na5 18. Rfd1 Bc7 19. Bc3 b4 20. axb4 cxb4
21. Be1 Qb6 22. Qd2 Rab8 23. Kh1 Qc5 24. Nh4 f6 25. Qe2 Qc6 26. Qh5 Bf7 27.
Qg4 h5 28. Qe2 g6 29. f4 Kg7 30. g4 Rh8 31. Rd5 Qe8 32. gxh5 Bxd5 33. cxd5
Rxh5 34. Bf3 Rh6 35. Bf2 Qh8 36. Qe1 Bb6 37. Bg3 Nb7 38. f5 g5 39. Ng6 Qd8
40. Qe2 Rc8 41. Be1 a5 42. Kg2 Qc7 43. Bd2 Nc5 44. h4 Qb7 45. hxg5 fxg5 46.
Qf1 Kf6 47. Kg3 Qa6 48. Qg2 Qd3 49. Rh1 Rxh1 50. Qxh1 Nxe4+ 51. Bxe4 Qxd2
0-1

[Event "TCh-CRO Gp1A"]
[Site "Sibenik CRO"]
[Date "2010.09.04"]
[Round "1"]
[White "Pavasovic,D"]
[Black "Mrkonjic,N"]
[Result "1-0"]
[WhiteElo "2568"]
[BlackElo "2394"]
[EventDate "2010.09.04"]

1. e4 d6 2. d4 Nf6 3. Nc3 g6 4. f4 Bg7 5. Nf3 O-O 6. Be3 c6 7. h3 b5 8. e5
Nd5 9. Nxd5 cxd5 10. Bd3 a6 11. O-O Nc6 12. Qd2 Bf5 13. Bxf5 gxf5 14. Rae1
Qa5 15. c3 b4 16. exd6 bxc3 17. bxc3 e6 18. Ne5 Rac8 19. Rb1 Qd8 20. Qd3
Nb8 21. c4 f6 22. cxd5 exd5 23. Nf3 Qxd6 24. Nh4 Rc4 25. Nxf5 Qd7 26. Rb6
Rfc8 27. Bd2 R4c6 28. Rfb1 Rxb6 29. Rxb6 Nc6 30. Rxa6 Bf8 31. Rb6 Qc7 32.
Rb5 Qd7 33. Qb1 Na7 34. Rb7 Rc7 35. Rxc7 Qxc7 36. Qb3 Qc4 37. Qxc4 dxc4 38.
Ne3 Nb5 39. Nxc4 Nxd4 40. Be3 Ne2+ 41. Kf2 Nc3 42. a3 f5 43. Bd4 Na4 44.
Nb2 Nxb2 45. Bxb2 Kf7 46. g4 Bc5+ 47. Kf3 Kg6 48. a4 Bb4 49. Bd4 Ba5 50.
Ke3 fxg4 51. hxg4 h5 52. f5+ 1-0

[Event "TCh-CRO Gp1A"]
[Site "Sibenik CRO"]
[Date "2010.09.04"]
[Round "1"]
[White "Vargic,D"]
[Black "Saric,Iv"]
[Result "0-1"]
[WhiteElo "2360"]
[BlackElo "2567"]
[EventDate "2010.09.04"]

1. e4 e5 2. Nf3 Nc6 3. Bc4 Nf6 4. d3 h6 5. O-O d6 6. a4 g6 7. h3 Bg7 8. Be3
O-O 9. Nc3 Be6 10. Bxe6 fxe6 11. d4 exd4 12. Nxd4 Qd7 13. Nxc6 Qxc6 14. Qd3
Nh5 15. Qd2 g5 16. Bd4 Rf7 17. Bxg7 Rxg7 18. Qe3 Nf4 19. Kh2 Rf8 20. g3 Ng6
21. f4 gxf4 22. gxf4 d5 23. Rae1 Qd6 24. e5 Qd8 25. f5 exf5 26. Qxh6 d4 27.
Rg1 dxc3 28. Rxg6 Qd2+ 29. Qxd2 cxd2 30. Rxg7+ Kxg7 31. Rd1 Rd8 32. Kg3 Kf7
33. Kf3 Ke6 34. Ke2 Kxe5 35. Kf3 a5 36. b3 f4 37. h4 Kf5 38. h5 Rd6 39. h6
Rxh6 40. Rxd2 Rh3+ 41. Kg2 Rc3 42. Kf2 b6 43. Ke2 Ke4 44. Ke1 f3 45. Kf2
Rc6 46. Ke1 Rd6 47. Rh2 Ke3 48. Rh3 Rg6 49. Kf1 Rg2 50. Rh7 Rxc2 51. Re7+
Kd2 52. Kf2 Kc3+ 0-1

[Event "TCh-CRO Gp1A"]
[Site "Sibenik CRO"]
[Date "2010.09.04"]
[Round "1"]
[White "Jovanic,O"]
[Black "Krstic,U"]
[Result "1-0"]
[WhiteElo "2523"]
[BlackElo "2410"]
[EventDate "2010.09.04"]

1. d4 Nf6 2. Nf3 g6 3. c4 Bg7 4. Nc3 d6 5. Bg5 h6 6. Bh4 c5 7. d5 O-O 8. e3
Qa5 9. Nd2 a6 10. a4 e5 11. Be2 Nbd7 12. Qc2 Qc7 13. g4 Nh7 14. Bg3 Ndf6
15. h3 Bd7 16. f3 Kh8 17. h4 h5 18. g5 Ng8 19. Bf2 Ne7 20. Bd3 Nf5 21. Ke2
f6 22. gxf6 Bxf6 23. Rag1 Rg8 24. Nce4 Be7 25. Ng3 Raf8 26. Nxf5 gxf5 27.
Rxg8+ Kxg8 28. Nf1 b5 29. Ng3 e4 30. fxe4 bxc4 31. Qxc4 f4 32. Nf5 Bf6 33.
b3 Re8 34. Nh6+ Kg7 35. Rg1+ Kxh6 36. e5 Bg4+ 37. Rxg4 hxg4 38. Qxf4+ Kg7
39. exf6+ Kh8 40. Qh6 c4 41. bxc4 Rb8 42. Be1 Rb2+ 43. Kf1 Rb3 44. Qg6 Nf8
45. Qh5+ Kg8 46. Qxg4+ Kh8 47. Qd1 Ra3 48. Bb4 Ra2 49. Qh5+ Kg8 50. Qg5+
Kh8 51. Bxd6 1-0

[Event "TCh-CRO Gp1A"]
[Site "Sibenik CRO"]
[Date "2010.09.04"]
[Round "1"]
[White "Ascic,P"]
[Black "Saric,A"]
[Result "1/2-1/2"]
[WhiteElo "2310"]
[BlackElo "2472"]
[EventDate "2010.09.04"]

1. e4 c5 2. Nf3 e6 3. Nc3 a6 4. a4 Nc6 5. Be2 Nd4 6. O-O Ne7 7. Re1 Nec6 8.
Bf1 g6 9. d3 Bg7 10. Nxd4 cxd4 11. Ne2 O-O 12. g3 d5 13. Bg2 dxe4 14. dxe4
e5 15. Bd2 Qb6 16. b3 Bg4 17. h3 Be6 18. a5 Qd8 19. Nc1 Qc8 20. h4 1/2-1/2

[Event "TCh-CRO Gp1A"]
[Site "Sibenik CRO"]
[Date "2010.09.04"]
[Round "1"]
[White "Zufic,M"]
[Black "Drmic,T"]
[Result "1/2-1/2"]
[WhiteElo "2429"]
[BlackElo "2302"]
[EventDate "2010.09.04"]

1. e4 e5 2. Nf3 Nc6 3. Bb5 Nge7 4. O-O Ng6 5. c3 a6 6. Bc4 d6 7. d4 Be7 8.
Be3 O-O 9. Nbd2 Na5 10. Be2 b5 11. b4 Nb7 12. a4 Bd7 13. axb5 axb5 14. Qb3
Nf4 15. Bxf4 exf4 16. d5 Bf6 17. Nd4 Bxd4 18. cxd4 Qe7 19. Qc3 Rab8 20. Ra6
Rfc8 21. Rc1 Nd8 22. Qf3 Qg5 23. Ra7 Nb7 24. Qa3 g6 25. Nf3 Qe7 26. e5 Bg4
27. Bxb5 Bxf3 28. Qxf3 dxe5 29. Ba6 Qxb4 30. dxe5 Qb6 31. Bxb7 Rxb7 32. Ra4
Re8 33. Rxf4 Qb2 34. Rd1 Qxe5 35. g3 Re7 36. h4 Rb2 37. Rc1 Rd7 38. Rd1 Qe2
39. Qxe2 1/2-1/2

[Event "TCh-CRO Gp1A"]
[Site "Sibenik CRO"]
[Date "2010.09.04"]
[Round "1"]
[White "Beliavsky,A"]
[Black "Eljanov,P"]
[Result "1-0"]
[WhiteElo "2632"]
[BlackElo "2761"]
[EventDate "2010.09.04"]

1. d4 Nf6 2. c4 e6 3. Nf3 d5 4. g3 Bb4+ 5. Bd2 Be7 6. Bg2 c6 7. Qc2 O-O 8.
O-O Nbd7 9. Rd1 b6 10. b3 a5 11. Bc3 Bb7 12. Nbd2 c5 13. e4 dxc4 14. bxc4
cxd4 15. Nxd4 Qc8 16. Nb5 Nc5 17. e5 Nfd7 18. Nf3 Bc6 19. Qe2 Qb7 20. Bd4
Rac8 21. Rab1 Qa8 22. h4 f6 23. exf6 Bxf6 24. Ne1 Bxd4 25. Rxd4 e5 26. Rd6
Bxg2 27. Nxg2 e4 28. Qh5 Nf6 29. Qe2 Ncd7 30. Ne3 Rc6 31. Qb2 Rc5 32. Nd4
Qb8 33. Rxd7 Nxd7 34. Ne6 Qe5 35. Nxc5 Qxc5 36. Qb5 Qxb5 37. Rxb5 Kf7 38.
Nf5 Kf6 39. Nd6 e3 40. fxe3 Ke6 41. Ne4 Rc8 42. Nd2 Rc6 43. Kf2 Ne5 44. Ke2
Nxc4 45. Nxc4 Rxc4 46. Rxb6+ Kf7 47. Rb2 Ra4 48. Kf3 Kf6 49. Rc2 h6 50. Rb2
Ke6 51. h5 Kf6 52. g4 Ke6 53. e4 Ke5 54. Rb5+ Ke6 55. Rb7 Ke5 56. Kg3 Rxa2
57. Rxg7 Ra3+ 58. Kh4 Rf3 59. Re7+ Kd6 60. Ra7 Ke5 61. Rxa5+ Kxe4 62. Ra6
1-0

[Event "TCh-CRO Gp1A"]
[Site "Sibenik CRO"]
[Date "2010.09.04"]
[Round "1"]
[White "Movsesian,S"]
[Black "Hracek,Z"]
[Result "1/2-1/2"]
[WhiteElo "2723"]
[BlackElo "2633"]
[EventDate "2010.09.04"]

1. e4 c5 2. Nf3 d6 3. d4 cxd4 4. Nxd4 Nf6 5. Nc3 a6 6. Be2 e5 7. Nb3 Be7 8.
O-O Be6 9. Re1 Nbd7 10. Bf3 Rc8 11. a4 O-O 12. Nd2 Re8 13. Nf1 Nf8 14. a5
h6 15. Be3 N8h7 16. h4 Qc7 17. Re2 Nd7 18. g3 Nhf6 19. Bc1 Qc5 20. Ne3 Bd8
21. Ncd5 Bxd5 22. Nxd5 Nxd5 23. Qxd5 Qxd5 24. exd5 Rc5 25. b4 Rc4 26. Ba3
Nf6 27. Rd2 e4 28. Be2 Rc8 29. c4 e3 30. Rc2 Nxd5 31. f4 Bf6 32. Rac1 Ne7
33. b5 axb5 34. cxb5 Rxc2 35. Rxc2 Nf5 36. Kg2 Nd4 37. Ra2 d5 38. Bc5 Nb3
39. Bb6 Bd4 40. Bxd4 Nxd4 41. a6 bxa6 42. bxa6 Nxe2 43. Rxe2 Re6 44. Ra2 e2
45. a7 e1=Q 46. a8=Q+ Re8 47. Qxd5 Re2+ 48. Rxe2 Qxe2+ 49. Kg1 1/2-1/2

[Event "TCh-CRO Gp1A"]
[Site "Sibenik CRO"]
[Date "2010.09.04"]
[Round "1"]
[White "Jovanovic,Zo CRO"]
[Black "Kozul,Z"]
[Result "1/2-1/2"]
[WhiteElo "2520"]
[BlackElo "2604"]
[EventDate "2010.09.04"]

1. e4 c5 2. Nc3 Nc6 3. Bb5 Nd4 4. Nf3 Nxb5 5. Nxb5 d6 6. d4 a6 7. Nc3 cxd4
8. Qxd4 e5 9. Qd3 h6 10. Nd5 Nf6 11. Nxf6+ Qxf6 12. Nd2 Qg6 13. O-O f5 14.
f3 f4 15. Nc4 Bh3 16. Qe2 Rc8 17. Nb6 Rc6 18. Nd5 Be6 19. c4 Be7 20. a4 Bd8
21. a5 O-O 22. Bd2 Bxd5 23. exd5 Rc8 24. b3 Bc7 25. Rfe1 Bb8 26. Qe4 Ba7+
27. Kh1 Qh5 28. Re2 Rf5 29. h3 Rg5 30. Kh2 Rf8 31. b4 Qf7 32. Rc1 Rc8 33.
Be1 Be3 34. Rcc2 Qf5 35. Qxf5 Rxf5 36. Bf2 Bxf2 37. Rxf2 Rf7 38. c5 dxc5
39. Rxc5 Rxc5 40. bxc5 Rd7 41. Rd2 Kf7 42. g3 Rc7 43. Rc2 Rd7 44. Rd2 Rc7
1/2-1/2

[Event "TCh-CRO Gp1A"]
[Site "Sibenik CRO"]
[Date "2010.09.04"]
[Round "1"]
[White "Jankovic,A"]
[Black "Sermek,D"]
[Result "1-0"]
[WhiteElo "2560"]
[BlackElo "2524"]
[EventDate "2010.09.04"]

1. d4 d5 2. Nf3 c5 3. c4 dxc4 4. e3 cxd4 5. Bxc4 Qc7 6. Bb3 e6 7. exd4 Bb4+
8. Nc3 Bxc3+ 9. bxc3 Qxc3+ 10. Bd2 Qd3 11. Bc2 Qa6 12. Ne5 Nf6 13. Bb4 Nd5
14. Bd3 Qb6 15. Bc5 Qa5+ 16. Kf1 Qd8 17. Qh5 Qf6 18. Re1 Nf4 19. Bb5+ Bd7
20. Nxd7 Nxd7 21. Qf3 Rb8 22. Bd6 Qf5 23. Bxd7+ Kxd7 24. Bxf4 Qb5+ 25. Qe2
1-0

[Event "TCh-CRO Gp1A"]
[Site "Sibenik CRO"]
[Date "2010.09.04"]
[Round "1"]
[White "Fercec,N"]
[Black "Kuljasevic,D"]
[Result "1/2-1/2"]
[WhiteElo "2498"]
[BlackElo "2555"]
[EventDate "2010.09.04"]

1. e4 e6 2. d4 d5 3. Nd2 c5 4. exd5 Qxd5 5. Ngf3 cxd4 6. Bc4 Qd6 7. O-O Nf6
8. Nb3 Nc6 9. Nbxd4 Nxd4 10. Nxd4 a6 11. b3 Qc7 12. Bb2 Bd6 13. h3 b5 14.
Be2 Bb7 15. Bf3 Rd8 16. Qe2 O-O 17. c4 Bc5 18. Rad1 Bxf3 19. Nxf3 bxc4 20.
Qxc4 Qb6 21. Rxd8 Rxd8 22. Bxf6 gxf6 23. Qg4+ Kh8 24. Qh4 Be7 25. Qh5 Kg7
26. Qg4+ Kh8 27. Qh5 Kg7 28. Qg4+ Kh8 29. Qh5 1/2-1/2

[Event "TCh-CRO Gp1A"]
[Site "Sibenik CRO"]
[Date "2010.09.04"]
[Round "1"]
[White "Hulak,K"]
[Black "Leventic,I"]
[Result "1/2-1/2"]
[WhiteElo "2510"]
[BlackElo "2498"]
[EventDate "2010.09.04"]

1. d4 d5 2. c4 dxc4 3. e3 c5 4. Bxc4 cxd4 5. Nf3 Qc7 6. Bb3 e6 7. exd4 Bb4+
8. Nbd2 Nf6 9. O-O O-O 10. Nc4 Nc6 11. Bg5 Na5 12. Nxa5 Qxa5 13. Bxf6 gxf6
14. d5 exd5 15. Qd4 Qb6 16. Qh4 Bf5 17. Rad1 Rad8 18. Rd4 Be7 19. Rfd1 Bg6
20. Qh6 Rfe8 21. Qd2 Bc5 22. Rxd5 Bb4 23. Qd4 Bc5 24. Qd2 1/2-1/2

[Event "TCh-CRO Gp1A"]
[Site "Sibenik CRO"]
[Date "2010.09.04"]
[Round "1"]
[White "Tiviakov,S"]
[Black "Vachier Lagrave,M"]
[Result "1/2-1/2"]
[WhiteElo "2637"]
[BlackElo "2721"]
[EventDate "2010.09.04"]

1. e4 c5 2. Nc3 a6 3. f4 b5 4. d4 cxd4 5. Qxd4 Nc6 6. Qf2 Nf6 7. Bd3 e6 8.
Nf3 Bb7 9. e5 Ng4 10. Qe2 Nb4 11. Be4 d5 12. exd6 Bxe4 13. Nxe4 1/2-1/2

[Event "TCh-CRO Gp1A"]
[Site "Sibenik CRO"]
[Date "2010.09.04"]
[Round "1"]
[White "Stevic,H"]
[Black "Postny,E"]
[Result "1-0"]
[WhiteElo "2607"]
[BlackElo "2595"]
[EventDate "2010.09.04"]

1. e4 c6 2. d4 d5 3. Nc3 dxe4 4. Nxe4 Bf5 5. Ng3 Bg6 6. N1e2 Nf6 7. Nf4 e5
8. Nxg6 hxg6 9. dxe5 Qa5+ 10. Bd2 Qxe5+ 11. Qe2 Qxe2+ 12. Bxe2 Nbd7 13. O-O
Bd6 14. Rad1 O-O 15. Bc1 Bc5 16. Ne4 Nxe4 17. Rxd7 Rae8 18. Be3 b5 19. Bf3
Bxe3 20. fxe3 Re6 21. Rfd1 Ng5 22. Kf2 Rfe8 23. R1d3 a5 24. Rc7 Nxf3 25.
gxf3 g5 26. h3 Rf6 27. Kg3 Re5 28. e4 Rc5 29. c3 a4 30. a3 Re5 31. Rd8+ Kh7
32. Rcc8 Kg6 33. Rh8 Rd6 34. Rc7 Rde6 35. Rhc8 Rc5 36. Rf8 Rf6 37. Kf2 Re5
38. Ke3 Ree6 39. Rfc8 Kh5 40. Rh8+ Kg6 41. h4 g4 42. f4 Rf5 43. Rd7 c5 44.
Rf8 Kh7 45. Rfxf7 Rxf7 46. Rxf7 b4 47. f5 Rb6 48. e5 bxa3 49. bxa3 Kg8 50.
Rc7 Rb3 51. e6 Kf8 52. h5 Rxc3+ 53. Kf4 Rc4+ 54. Ke5 g3 55. h6 Rg4 56.
hxg7+ Kg8 57. e7 Kf7 58. Rc8 1-0

[Event "TCh-CRO Gp1A"]
[Site "Sibenik CRO"]
[Date "2010.09.04"]
[Round "1"]
[White "Palac,M"]
[Black "Lenic,L"]
[Result "1/2-1/2"]
[WhiteElo "2561"]
[BlackElo "2603"]
[EventDate "2010.09.04"]

1. e4 e5 2. Nf3 Nc6 3. Bb5 a6 4. Ba4 Nf6 5. O-O b5 6. Bb3 Bc5 7. a4 Rb8 8.
Nxe5 Nxe5 9. d4 Bxd4 10. Qxd4 d6 11. Bf4 c5 12. Qe3 c4 13. Ba2 O-O 14. Rd1
Re8 15. Nc3 b4 16. Ne2 Qc7 17. f3 Be6 18. Nd4 Nh5 19. Bg5 h6 20. Bh4
1/2-1/2

[Event "TCh-CRO Gp1A"]
[Site "Sibenik CRO"]
[Date "2010.09.04"]
[Round "1"]
[White "Cvitan,O"]
[Black "Dizdar,G"]
[Result "1/2-1/2"]
[WhiteElo "2531"]
[BlackElo "2555"]
[EventDate "2010.09.04"]

1. c4 e6 2. d4 Nf6 3. Nc3 Bb4 4. e3 b6 5. Bd3 Bb7 6. Nf3 O-O 7. O-O c5 8.
Bd2 cxd4 9. exd4 d5 10. cxd5 Nxd5 11. Qe2 Nc6 12. Rad1 Be7 13. Rfe1 Rc8 14.
h4 Ncb4 15. Bb1 Ba6 16. Qe4 Nf6 17. Qe3 Nbd5 18. Nxd5 Qxd5 19. Ne5 Rfd8 20.
Qg3 Nh5 21. Qg4 Nf6 22. Qg3 Nh5 23. Qg4 Nf6 1/2-1/2

[Event "TCh-CRO Gp1A"]
[Site "Sibenik CRO"]
[Date "2010.09.04"]
[Round "1"]
[White "Zelcic,R"]
[Black "Sulava,N"]
[Result "1/2-1/2"]
[WhiteElo "2554"]
[BlackElo "2552"]
[EventDate "2010.09.04"]

1. e4 e5 2. Nf3 Nc6 3. d4 exd4 4. Bc4 Bc5 5. O-O Nf6 6. e5 d5 7. exf6 dxc4
8. fxg7 Rg8 9. Re1+ Be6 10. Bg5 Be7 11. Bxe7 Kxe7 12. Re4 f5 13. Rh4 Kf7
14. Rxh7 Rxg7 15. Rxg7+ Kxg7 16. Nbd2 Bf7 17. b3 c3 18. Nc4 Qf6 19. a4 Rd8
20. Ne1 Bd5 21. Nd3 Qg5 22. f3 Bxc4 23. f4 Qe7 24. bxc4 Qe3+ 25. Kh1 Rh8
26. Rb1 b6 27. Qf1 Qg3 28. Qg1 Qe3 29. Qf1 Qg3 30. h3 Re8 31. Rb5 Kf6 32.
Qd1 Rh8 33. Qf1 Re8 34. Qd1 Rh8 35. Qf1 Re8 36. Qd1 1/2-1/2

[Event "TCh-CRO Gp1A"]
[Site "Sibenik CRO"]
[Date "2010.09.04"]
[Round "1"]
[White "Cebalo,M"]
[Black "Loncar,R"]
[Result "1-0"]
[WhiteElo "2493"]
[BlackElo "2419"]
[EventDate "2010.09.04"]

1. d4 d5 2. c4 dxc4 3. Nf3 Nf6 4. e3 Bg4 5. Bxc4 e6 6. h3 Bh5 7. Nc3 a6 8.
g4 Bg6 9. Ne5 Nbd7 10. Nxg6 hxg6 11. Bf1 c6 12. Bg2 Qc7 13. Bd2 Rd8 14. Rc1
Qb8 15. g5 Nd5 16. Nxd5 cxd5 17. e4 dxe4 18. Bxe4 Bd6 19. Qf3 Rh4 20. O-O
Bf4 21. Be3 b6 22. Rc3 Ke7 23. Bc6 Qd6 24. Kg2 Nf8 25. d5 Rb8 26. Rc4 Bxe3
27. fxe3 Rxc4 28. Qxf7+ Kd8 29. Qe8+ Kc7 30. Rf7+ 1-0

[Event "TCh-CRO Gp1A"]
[Site "Sibenik CRO"]
[Date "2010.09.04"]
[Round "1"]
[White "Brkic,A"]
[Black "Kosic,D"]
[Result "1-0"]
[WhiteElo "2564"]
[BlackElo "2481"]
[EventDate "2010.09.04"]

1. e4 e6 2. d4 d5 3. Nc3 dxe4 4. Nxe4 Nd7 5. Nf3 Ngf6 6. Bd3 Nxe4 7. Bxe4
Nf6 8. Bg5 Qd6 9. Bd3 Qb4+ 10. Bd2 Qb6 11. O-O c5 12. dxc5 Bxc5 13. b4 Be7
14. c4 Bd7 15. Qc2 Qc7 16. Bc3 Rd8 17. Rfe1 h6 18. Ne5 O-O 19. a3 Be8 20.
Bb2 a5 21. Qc3 b6 22. Re3 Nh5 23. g3 axb4 24. axb4 Qd6 25. b5 Qc7 26. Ba3
Bxa3 27. Qxa3 Nf6 28. Be2 Bd7 29. Qa7 Rc8 30. Ra6 Qxa7 31. Rxa7 Rfd8 32.
Rd3 Be8 33. Rxd8 Rxd8 34. Bf3 Rc8 35. Bc6 Bxc6 36. Nxc6 Kf8 37. Ne5 Rc5 38.
f4 Kg8 39. Ra8+ Kh7 40. Ra7 Ne4 41. Rxf7 Nd6 42. Re7 Nxc4 43. Nxc4 Rxc4 44.
Rxe6 g5 45. fxg5 hxg5 46. Rxb6 Rb4 47. Rb8 Rb2 48. b6 Rb1+ 49. Kg2 Rb2+ 50.
Kh3 Rb4 51. b7 Kg7 52. Kg2 Rb3 53. Kf2 Kh7 54. Ke2 Kg7 55. Kd2 Kh7 56. Kc2
Rb6 57. Kc3 Kg7 58. Kc4 Rb1 59. Kd5 Rb2 60. Ke5 Rb5+ 61. Ke6 Kh7 62. Kf6 g4
63. Re8 1-0

[Event "TCh-CRO Gp1A"]
[Site "Sibenik CRO"]
[Date "2010.09.04"]
[Round "1"]
[White "Miladinovic,I"]
[Black "Ruck,R1"]
[Result "1/2-1/2"]
[WhiteElo "2560"]
[BlackElo "2555"]
[EventDate "2010.09.04"]

1. d4 Nf6 2. Bg5 d5 3. e3 c5 4. Bxf6 gxf6 5. c4 dxc4 6. Bxc4 cxd4 7. exd4
Bg7 8. Ne2 O-O 9. O-O f5 10. Nbc3 Nc6 11. d5 1/2-1/2

[Event "TCh-CRO Gp1A"]
[Site "Sibenik CRO"]
[Date "2010.09.04"]
[Round "1"]
[White "Rogic,D"]
[Black "Doric,D"]
[Result "1-0"]
[WhiteElo "2591"]
[BlackElo "2471"]
[EventDate "2010.09.04"]

1. e4 c5 2. Nf3 e6 3. d4 cxd4 4. Nxd4 Nc6 5. Nc3 Qc7 6. Be2 a6 7. O-O Nf6
8. Be3 Be7 9. a4 O-O 10. f4 d6 11. Kh1 Bd7 12. Nb3 b6 13. Bf3 Rad8 14. Qe2
Bc8 15. Qc4 Nd7 16. Nd5 exd5 17. exd5 Nc5 18. dxc6 Be6 19. Qc3 Bxb3 20.
cxb3 Bf6 21. Qc4 a5 22. b4 axb4 23. Qxb4 Rfe8 24. Bg1 Ra8 25. Ra2 Ra6 26.
b3 Rb8 27. Rd2 h5 28. Qc4 Raa8 29. Bxh5 1-0

[Event "TCh-CRO Gp1A"]
[Site "Sibenik CRO"]
[Date "2010.09.04"]
[Round "1"]
[White "Ramesa,D"]
[Black "Kovacevic,Bl"]
[Result "1/2-1/2"]
[WhiteElo "2326"]
[BlackElo "2459"]
[EventDate "2010.09.04"]

1. Nf3 Nf6 2. c4 e6 3. Nc3 d5 4. e3 Nbd7 5. d4 a6 6. Bd2 dxc4 7. Bxc4 b5 8.
Be2 Bd6 9. Ng5 Bb7 10. Bf3 Qb8 11. a3 O-O 12. Nge4 c5 13. dxc5 Bxc5 14.
Nxf6+ Nxf6 15. Bxb7 Qxb7 16. Qf3 Qa7 17. Ne4 Nxe4 18. Qxe4 Rad8 19. Bc3 Rd5
20. O-O Rfd8 21. h3 Qb8 22. Rac1 Bd6 1/2-1/2

[Event "TCh-CRO Gp1A"]
[Site "Sibenik CRO"]
[Date "2010.09.04"]
[Round "1"]
[White "Zivkovic,Vj"]
[Black "Vlahov,D"]
[Result "1/2-1/2"]
[WhiteElo "2379"]
[BlackElo "2235"]
[EventDate "2010.09.04"]

1. e4 e6 2. d4 d5 3. Nc3 Nf6 4. e5 Nfd7 5. f4 c5 6. Nf3 Nc6 7. Be3 Qb6 8.
Na4 Qa5+ 9. c3 cxd4 10. b4 Qc7 11. Nxd4 Nxd4 12. Bxd4 Nb8 13. Bd3 Nc6 14.
Bf2 Be7 15. O-O b6 16. a3 O-O 17. Qc2 g6 18. c4 Nd8 19. c5 bxc5 20. Nxc5
Nb7 21. Na6 Qxc2 22. Bxc2 Bd7 23. Bd3 Rfc8 24. Rac1 Bd8 25. Be3 Bb6 26. Kf2
Kf8 27. Ke2 Ke7 28. Rxc8 Rxc8 29. Rc1 Rxc1 30. Bxc1 Ba4 1/2-1/2

[Event "TCh-CRO Gp1A"]
[Site "Sibenik CRO"]
[Date "2010.09.04"]
[Round "1"]
[White "Komljenovic,D"]
[Black "Lalic,B"]
[Result "1/2-1/2"]
[WhiteElo "2465"]
[BlackElo "2495"]
[EventDate "2010.09.04"]

1. d4 Nf6 2. c4 e6 3. Nf3 d5 4. Nc3 Be7 5. Bg5 h6 6. Bh4 O-O 7. e3 b6 8.
Be2 Bb7 9. Bxf6 Bxf6 10. cxd5 exd5 11. b4 c6 12. Qb3 Re8 13. O-O a5 14.
bxa5 Rxa5 15. a4 Nd7 16. Rab1 Qa8 17. Rfd1 Ba6 18. Bxa6 Rxa6 19. Qc2 Re6
20. Re1 Be7 21. e4 dxe4 22. Rxe4 Rxe4 23. Qxe4 Bd6 24. g3 Nf6 25. Qd3 Nd7
26. Qe4 Nf6 27. Qd3 Nd7 28. Qe4 Nf6 1/2-1/2

[Event "TCh-CRO Gp1A"]
[Site "Sibenik CRO"]
[Date "2010.09.04"]
[Round "1"]
[White "Zaja,I"]
[Black "Feletar,D"]
[Result "1-0"]
[WhiteElo "2482"]
[BlackElo "2391"]
[EventDate "2010.09.04"]

1. d4 Nf6 2. c4 e6 3. Nc3 d5 4. Bg5 Be7 5. e3 h6 6. Bxf6 Bxf6 7. Qd2 c6 8.
Nf3 Nd7 9. Bd3 dxc4 10. Bxc4 O-O 11. O-O e5 12. h3 exd4 13. exd4 Nb6 14.
Bb3 Bf5 15. Qf4 Bh7 16. Rad1 Rc8 17. Ne5 Qd6 18. Ne4 Bxe4 19. Qxe4 Rcd8 20.
Bc2 g6 21. Nxg6 fxg6 22. Qxg6+ Bg7 23. Qh7+ Kf7 24. Rd3 Rd7 25. Re1 Re7 26.
Rf3+ Ke8 27. Rxe7+ Qxe7 28. Re3 1-0

[Event "TCh-CRO Gp1A"]
[Site "Sibenik CRO"]
[Date "2010.09.04"]
[Round "1"]
[White "Kutuzovic,B"]
[Black "Muse,M"]
[Result "1/2-1/2"]
[WhiteElo "2334"]
[BlackElo "2446"]
[EventDate "2010.09.04"]

1. e4 c5 2. Nf3 e6 3. d4 cxd4 4. Nxd4 Nf6 5. Nc3 Nc6 6. Ndb5 Bb4 7. a3
Bxc3+ 8. Nxc3 d5 9. Bd3 Ne5 10. Bb5+ Bd7 11. Qd4 Nc6 12. Bxc6 Bxc6 13. exd5
Bxd5 14. Nxd5 Qxd5 15. Qxd5 Nxd5 16. c4 Ne7 17. Be3 Nf5 18. Ke2 Nxe3 19.
Kxe3 Rc8 20. Rac1 Ke7 21. Rhd1 Rc5 22. b4 Re5+ 23. Kf3 Rf5+ 24. Ke3 1/2-1/2

[Event "TCh-CRO Gp1A"]
[Site "Sibenik CRO"]
[Date "2010.09.04"]
[Round "1"]
[White "Kovacevic,Vlat"]
[Black "Muse,D"]
[Result "1-0"]
[WhiteElo "2471"]
[BlackElo "2370"]
[EventDate "2010.09.04"]

1. d4 d6 2. Nf3 g6 3. e4 Bg7 4. Bc4 Nf6 5. Qe2 O-O 6. O-O c6 7. Bb3 Bg4 8.
Rd1 Nbd7 9. Nbd2 e5 10. dxe5 dxe5 11. h3 Bxf3 12. Nxf3 Qe7 13. c3 Nc5 14.
Bc2 Rfd8 15. Bg5 Ne6 16. Be3 Nh5 17. g3 Bf6 18. Rxd8+ Qxd8 19. Rd1 Qc7 20.
Bb3 Nhg7 21. h4 Qe7 22. Rd2 b6 23. a4 Qc7 24. Qd1 Rd8 25. Bc4 Rxd2 26. Nxd2
h5 27. Nf3 Be7 28. b4 Nd8 29. Qd3 Ne8 30. Bb3 Kg7 31. Nxe5 Nf6 32. f4 c5
33. b5 Bd6 34. Nc4 Be7 35. Bd1 Qc8 36. Kg2 Ng4 37. Bxg4 Qxg4 38. Ne5 1-0

[Event "TCh-CRO Gp1A"]
[Site "Sibenik CRO"]
[Date "2010.09.05"]
[Round "2"]
[White "Naiditsch,A"]
[Black "Malakhov,V"]
[Result "1/2-1/2"]
[WhiteElo "2674"]
[BlackElo "2725"]
[EventDate "2010.09.04"]

1. e4 e5 2. Nf3 Nc6 3. Bb5 Nf6 4. O-O Nxe4 5. d4 Be7 6. Qe2 Nd6 7. Bxc6
bxc6 8. dxe5 Nb7 9. c4 O-O 10. Nc3 f6 11. Bd2 fxe5 12. Nxe5 Bf6 13. Rae1
Qe8 14. Ng4 Qxe2 15. Nxf6+ Rxf6 16. Rxe2 d6 17. Re8+ Rf8 18. Re7 Rf7 19.
Re8+ Rf8 20. Rfe1 Bd7 21. Rxa8 Rxa8 22. Re7 Rd8 23. Be3 Kf8 24. Re4 a5 25.
f3 Re8 26. Rf4+ Kg8 27. Kf2 c5 28. Bd2 c6 29. Be3 Be6 30. Re4 Bf7 31. Rxe8+
Bxe8 32. b3 Bf7 33. Na4 Bg6 34. g4 Kf7 35. f4 Bd3 36. Kf3 g6 37. Nc3 Ke6
38. Na4 1/2-1/2

[Event "TCh-CRO Gp1A"]
[Site "Sibenik CRO"]
[Date "2010.09.05"]
[Round "2"]
[White "Saric,Iv"]
[Black "Lalic,B"]
[Result "1-0"]
[WhiteElo "2567"]
[BlackElo "2495"]
[EventDate "2010.09.04"]

1. e4 c5 2. Nf3 g6 3. d4 cxd4 4. Nxd4 Bg7 5. Nc3 Nc6 6. Be3 Nf6 7. Bc4 O-O
8. Bb3 d6 9. f3 Bd7 10. Qd2 Rc8 11. O-O-O Ne5 12. Kb1 Re8 13. g4 b5 14. g5
b4 15. Nce2 Nh5 16. Ng3 a5 17. Nxh5 gxh5 18. Nf5 a4 19. Bd5 Bxf5 20. exf5
e6 21. f4 exd5 22. fxe5 Bxe5 23. Rhg1 b3 24. cxb3 axb3 25. g6 bxa2+ 26. Ka1
fxg6 27. fxg6 Qe7 28. Qxd5+ Kh8 29. Bd4 Bxd4 30. Qxd4+ Qe5 31. Qf2 hxg6 32.
Rxg6 Re6 33. Rxe6 Qxe6 34. Re1 Qg6 35. Qd4+ Kh7 36. Rg1 Qf7 37. Qd3+ Kh8
38. Qxd6 Kh7 39. Qd3+ Kh8 40. Qa6 Qf8 41. Rf1 Qg8 42. Qh6+ Qh7 43. Rf8+
Rxf8 44. Qxf8+ 1-0

[Event "TCh-CRO Gp1A"]
[Site "Sibenik CRO"]
[Date "2010.09.05"]
[Round "2"]
[White "Zaja,I"]
[Black "Jovanic,O"]
[Result "1/2-1/2"]
[WhiteElo "2482"]
[BlackElo "2523"]
[EventDate "2010.09.04"]

1. d4 d5 2. c4 c6 3. Nf3 Nf6 4. Nc3 e6 5. Bg5 h6 6. Bxf6 Qxf6 7. Qb3 a5 8.
e3 Nd7 9. cxd5 exd5 10. Bd3 Bd6 11. O-O O-O 12. Rfe1 Qd8 13. e4 1/2-1/2

[Event "TCh-CRO Gp1A"]
[Site "Sibenik CRO"]
[Date "2010.09.05"]
[Round "2"]
[White "Saric,A"]
[Black "Muse,M"]
[Result "1/2-1/2"]
[WhiteElo "2472"]
[BlackElo "2446"]
[EventDate "2010.09.04"]

1. d4 Nf6 2. Nf3 d6 3. c4 Nbd7 4. Nc3 e5 5. e4 Be7 6. Be2 O-O 7. O-O c6 8.
Re1 h6 9. Bf1 Nh7 10. Be3 Ng5 11. Nd2 Ne6 12. Nb3 c5 13. dxe5 Nb8 1/2-1/2